<?xml version="1.0" encoding="UTF-8"?>
<record
    xmlns:xsi="http://www.w3.org/2001/XMLSchema-instance"
    xsi:schemaLocation="http://www.loc.gov/MARC21/slim http://www.loc.gov/standards/marcxml/schema/MARC21slim.xsd"
    xmlns="http://www.loc.gov/MARC21/slim">

  <leader>01106nam a2200241 a 4500</leader>
  <controlfield tag="005">20161015121017.0</controlfield>
  <controlfield tag="008">161015t2015    ck ao|||r|||| 00| 0 spa d</controlfield>
  <datafield tag="040" ind1=" " ind2=" ">
    <subfield code="a">CO-BoIAVH </subfield>
    <subfield code="c">CO-BoIAVH </subfield>
  </datafield>
  <datafield tag="041" ind1="0" ind2=" ">
    <subfield code="a">spa</subfield>
  </datafield>
  <datafield tag="044" ind1=" " ind2=" ">
    <subfield code="a">ck</subfield>
  </datafield>
  <datafield tag="090" ind1=" " ind2=" ">
    <subfield code="a">FG-</subfield>
    <subfield code="b">0074</subfield>
  </datafield>
  <datafield tag="245" ind1="0" ind2="0">
    <subfield code="a">Retratos de huertas y jardines de la microcuenca del r&#xED;o Curubital / </subfield>
    <subfield code="c">editado por Fabio &#xC1;vila ; fotograf&#xED;as por Stefan Ort&#xED;z</subfield>
  </datafield>
  <datafield tag="260" ind1=" " ind2=" ">
    <subfield code="a">Bogot&#xE1;, Colombia : </subfield>
    <subfield code="b">Jard&#xED;n Bot&#xE1;nico de Bogot&#xE1; Jos&#xE9; Clestino Mutis,</subfield>
    <subfield code="c">2015.</subfield>
  </datafield>
  <datafield tag="300" ind1=" " ind2=" ">
    <subfield code="a">1 folleto plegable : </subfield>
    <subfield code="b">ilustraciones a color y fotograf&#xED;as a color ; </subfield>
    <subfield code="c">21 x 10 cm.</subfield>
  </datafield>
  <datafield tag="490" ind1="0" ind2=" ">
    <subfield code="a">Agrobiodiversidad ; </subfield>
    <subfield code="v">1</subfield>
  </datafield>
  <datafield tag="650" ind1="2" ind2="6">
    <subfield code="a">Plantas</subfield>
    <subfield code="v">ilustraciones</subfield>
    <subfield code="z">Colombia</subfield>
    <subfield code="z">r&#xED;o Curibital (Cundinamarca)</subfield>
  </datafield>
  <datafield tag="650" ind1="2" ind2="6">
    <subfield code="a">Bot&#xE1;nica</subfield>
    <subfield code="v">ilustraciones</subfield>
    <subfield code="z">Colombia</subfield>
    <subfield code="z">r&#xED;o Curibital (Cundinamarca)</subfield>
  </datafield>
  <datafield tag="650" ind1="2" ind2="6">
    <subfield code="a">&#xC1;rboles forestales</subfield>
    <subfield code="v">ilustraciones</subfield>
    <subfield code="z">Colombia</subfield>
    <subfield code="z">r&#xED;o Curibital (Cundinamarca)</subfield>
  </datafield>
  <datafield tag="650" ind1="2" ind2="6">
    <subfield code="a">Flora</subfield>
    <subfield code="v">ilustraciones</subfield>
    <subfield code="z">Colombia</subfield>
    <subfield code="z">r&#xED;o Curibital (Cundinamarca)</subfield>
  </datafield>
  <datafield tag="700" ind1="1" ind2=" ">
    <subfield code="a">&#xC1;vila, Fabio</subfield>
    <subfield code="e">editor</subfield>
  </datafield>
  <datafield tag="700" ind1="1" ind2=" ">
    <subfield code="a">Ortiz, Stefan</subfield>
    <subfield code="e">fotograf&#xED;as</subfield>
  </datafield>
  <datafield tag="942" ind1=" " ind2=" ">
    <subfield code="2">z</subfield>
    <subfield code="c">Folleto</subfield>
  </datafield>
  <datafield tag="999" ind1=" " ind2=" ">
    <subfield code="c">19089</subfield>
    <subfield code="d">19089</subfield>
  </datafield>
  <datafield tag="952" ind1=" " ind2=" ">
    <subfield code="0">0</subfield>
    <subfield code="1">0</subfield>
    <subfield code="2">z</subfield>
    <subfield code="4">0</subfield>
    <subfield code="7">0</subfield>
    <subfield code="8">HEMEROTECA</subfield>
    <subfield code="I">INV2017</subfield>
    <subfield code="a">Bogota</subfield>
    <subfield code="b">Bogota</subfield>
    <subfield code="d">2016-10-15</subfield>
    <subfield code="l">0</subfield>
    <subfield code="o">FG-0074</subfield>
    <subfield code="p">040768</subfield>
    <subfield code="r">2016-10-15 00:00:00</subfield>
    <subfield code="t">Ej. 1</subfield>
    <subfield code="w">2016-10-15</subfield>
    <subfield code="x">Donacion</subfield>
    <subfield code="y">Folleto</subfield>
  </datafield>
</record>
